02357cam a22003498i 45000010009000000050017000090080041000260150021000670200031000880200028001190350024001470350021001710400093001920410012002850420008002970500027003050550026003320900024003581000034003822450052004162630011004682640045004793000023005245201197005476500055017446500031017996500037018306550026018679420008018939520091019019990015019921422824420260306114009.0250721s2025 bcc j 000 f eng  a202404458132can a9781551529813q(softcover) a1551529815q(softcover) a(OCoLC)on1450563836 a(CaBVaU)14228244 aNLCbengcNLCerdadNLCdOCLCOdBDXdYDXdIG#dHBPdOCLCOdIODdNLCdMLSODdUBCdUtOrBLW aEnglish alac 4aPR9199.4.T37bD76 2025 0aPS8639.A685bD76 2025 aPZ7.1.T373bDr 2025 aTaranto, Lea,eauthor.92682612aA drop in the ocean b: a novel c/ Lea Taranto a202505 1aVancouver :bArsenal Pulp Press,c[2025] a294 pages ;c21 cm a"An engaging YA novel about a girl in treatment for obsessive compulsive disorder that combats the dehumanizing stigma around mental illness. Sixteen-year-old Mira Durand has just been checked into the Residency Adolescent Treatment Centre for obsessive compulsive and comorbid disorders. Four years of being passed around different psych wards like a hot potato have only worsened her OCD and anorexia. Her brutal, religious compulsions, which she believes keep her mom safe, make her less of a clean freak and more of a freak freak. No wonder her only friend is her journal. At the Residency's Ward Two, Mira discovers that her shrink is a fellow fantasy nerd and that her wardmates have enough of their own high-risk behaviours to tolerate hers. The complex friendships she forms with them, including a first love, the slow trust she builds with her treatment team, and the outside and family visits she earns give her things to look forward to beyond the drudgery of her compulsions. But it takes visiting Gung-Gung, her dying maternal grandfather, for her to realize that to truly live, she must fight the cognitive distortions at the heart of her compulsions."--cProvided by publisher. 0aObsessive-compulsive disorder - Fiction.vFiction. 0aAnorexia - Fiction.926828 0aMental illness - Fiction.926829 7aNovels.2lcgft922644 2lcc 00102lcc4070aTBSbTBSd2026-03-06l0r2026-03-06t1w2026-03-06y1zSOON AVAILABLE c5393d5393